Loading...
| Other Academic | 0 | 1 | 0 | 0 | 10 | 67 | 67.00 | 0 | 1 | 5.34 | 10.00 |
| History - Other | 0 | 1 | 0 | 0 | 10 | 65 | 65.00 | 0 | 1 | 6.07 | 10.67 |
| Literature - American | 0 | 1 | 0 | 0 | 10 | 149 | 149.00 | 0 | 0 | 1.85 | 3.33 |
| Science - Other | 0 | 1 | 0 | 0 | 10 | 107 | 107.00 | 0 | 0 | 0.15 | 3.92 |
| Literature - British | 0 | 1 | 0 | 0 | 10 | 89 | 89.00 | 0 | 1 | 6.18 | 11.25 |
| Literature - European | 0 | 1 | 0 | 0 | 10 | 144 | 144.00 | 0 | 0 | 0.18 | 3.00 |
| Fine Arts - Visual | 0 | 1 | 0 | 0 | 10 | 121 | 121.00 | 0 | 0 | 1.89 | 6.67 |
| Mythology | 0 | 1 | 0 | 0 | 10 | 105 | 105.00 | 0 | 1 | 3.25 | 7.75 |
| Social Science | 0 | 0 | 0 | 0 | 0 | 0.00 | 0 | 0 | 2.62 | 5.33 | |
| Literature - World/Other | 0 | 0 | 0 | 0 | 0 | 0.00 | 0 | 0 | 2.44 | 6.00 | |
| Philosophy | 0 | 0 | 0 | 0 | 0 | 0.00 | 0 | 0 | 2.61 | 9.33 | |
| Science - Chemistry | 0 | 0 | 0 | 0 | 0 | 0.00 | 0 | 0 | 0.00 | 1.67 | |
| Fine Arts - Other | 0 | 0 | 1 | 0 | -5 | 0.00 | 0 | 0 | 1.76 | 8.75 |